00249nam a2200109Ia 4500100001700000654001800017245004000035260002700075082001700102300000800119546001200127 aChitode/J.S  aCommunication aPrinciples of digital communication bTech Publicationc2003 a621.382bCHI a704 aENGLISH